000
00282nam a2200109Ia 4500
008
190912s9999||||xx |||||||||||||| ||und||
100
_a
Sa'adat Hasan Manto
245
0
_a
For Freedom's Sake Selected Stories and Sketches
260
_a
USA
_b
Addision
_c
2001
300
_a
232
942
_c
BK
999
_c
7558
_d
7558